000 00879nam a22002175i 4500
001 158468
003 ES-MaACL
005 20241026165755.0
008 040826s1876 be |||| | fre d
040 _aCAM
_bspa
_cCAM
100 1 _aMaeren, Corr-Vander.
_9129330
245 1 4 _aLes progrès du libre-échange en Belgique
_b: lettre adressée au Cobden Club /
_cpar Corr-Vander Maeren.
260 _aBruxelles :
_b[s.n.],
_c1876 (
_fAlliance typographique, M.-J. Poot et Compagnie)
300 _a10 p. ;
_c22 cm.
594 _aPrecede al tít.: Association belge pour l'abolition des douanes.
710 2 1 _aAssociation belge pour l'abolition des douanes.
_9134151
710 2 _aCobden Club (London, England)
_92870
852 _aES-MaACL
_jT-1283-F-4
_z-- Enc. hol.
_q-- Falto de la cub. original
_z-- Enc. en un vol. facticio
942 _2udc
999 _c158468
_d158468